[Event "Stuttgarter Stadtmeisterschaft B"]
[Site "Ditzingen"]
[Date "2015.05.15"]
[Round "3.23"]
[White "Grünert, Thomas"]
[Black "Kobald, Matthias"]
[Result "1-0"]
[WhiteElo "1826"]
[BlackElo "1683"]
[PlyCount "51"]
[EventDate "2015.??.??"]
[WhiteTeam "SF Illingen"]
[BlackTeam "SV Stuttgart-Wolfbusch"]

1. d4 Nf6 2. Nf3 e6 3. e3 b6 4. Bd3 Bb7 5. Nbd2 d5 6. b3 Bb4 7. Bb2 Ne4 8. O-O
f5 9. c4 Bd6 10. Qc2 O-O 11. cxd5 exd5 12. Ne5 Qe8 13. f4 Nd7 14. Bb5 c6 15.
Be2 Rc8 16. Nxe4 fxe4 17. Bg4 Bxe5 18. fxe5 Ba6 19. Rxf8+ Kxf8 20. e6 Nf6 21.
e7+ Kxe7 22. Bxc8 Qxc8 23. Rc1 Bb7 24. Ba3+ Kd7 25. Qf2 h6 26. Qf5+ 1-0

[Event "Stuttgarter Stadtmeisterschaft B"]
[Site "Ditzingen"]
[Date "2015.05.15"]
[Round "3.24"]
[White "Fais, Sami"]
[Black "Kußmann, Alexander"]
[Result "1/2-1/2"]
[WhiteElo "1817"]
[BlackElo "1681"]
[PlyCount "148"]
[EventDate "2015.??.??"]
[WhiteTeam "VfL Sindelfingen"]
[BlackTeam "SC Aidlingen"]

1. e4 c5 2. Nc3 e6 3. f4 Nc6 4. Bc4 a6 5. a4 Rb8 6. Nf3 Nd4 7. O-O Qc7 8. d3
Nxf3+ 9. Qxf3 Ne7 10. f5 Nc6 11. fxe6 dxe6 12. Bf4 e5 13. Nd5 Qd6 14. Bg5 Be6
15. c3 Be7 16. Nxe7 Nxe7 17. Bxe6 Qxe6 18. Bxe7 Kxe7 19. Qe3 Rhc8 20. Qg5+ Kf8
21. Qf5 Qxf5 22. Rxf5 Re8 23. Kf2 Rbd8 24. Ke3 Re6 25. Raf1 f6 26. g4 Red6 27.
Rd1 Ke7 28. g5 Ke6 29. gxf6 gxf6 30. Rf3 Rg8 31. Rdf1 Ke7 32. Rh3 Rg7 33. Rf5
Kf7 34. Rfh5 Kg8 35. Rg3 Rxg3+ 36. hxg3 Rb6 37. Rh2 Rb3 38. Rf2 b5 39. axb5
axb5 40. Kd2 Kf7 41. Kc1 Kg6 42. Rd2 c4 43. Kc2 Kg5 44. dxc4 bxc4 45. Rd7 Kg4
46. Rxh7 Kxg3 47. Rc7 Kf4 48. Rxc4 Rb6 49. Ra4 f5 50. exf5+ Kxf5 51. c4 e4 52.
c5 Rb5 53. Rc4 Ke5 54. c6 Rb8 55. c7 Rc8 56. b4 Kd6 57. Rxe4 Rxc7+ 58. Kb3 Kd5
59. Rh4 Kc6 60. Ka4 Ra7+ 61. Kb3 Rb7 62. Rh6+ Kb5 63. Rh5+ Kc6 64. Kc4 Rf7 65.
Rh6+ Kb7 66. b5 Rf4+ 67. Kc5 Rf5+ 68. Kb4 Rf7 69. Ka5 Ka7 70. Ra6+ Kb7 71. Rb6+
Ka7 72. Rc6 Rb7 73. Ra6+ Kb8 74. Rb6 Ka8 1/2-1/2

[Event "Stuttgarter Stadtmeisterschaft B"]
[Site "Ditzingen"]
[Date "2015.05.15"]
[Round "3.25"]
[White "Bender, Jonas"]
[Black "Meißner, Fabian"]
[Result "1-0"]
[WhiteElo "1814"]
[BlackElo "1666"]
[PlyCount "37"]
[EventDate "2015.??.??"]
[WhiteTeam "SV Stuttgart-Wolfbusch"]
[BlackTeam "SG Ludwigsburg"]

1. f4 d5 2. Nf3 Nf6 3. e3 e6 4. b3 Nc6 5. Bb5 Bd7 6. Bb2 a6 7. Bxc6 Bxc6 8. O-O
Bc5 9. Qe1 Qe7 10. a4 O-O-O 11. d4 Bd6 12. c3 h5 13. b4 b5 14. Qe2 Ne4 15. Na3
h4 16. axb5 axb5 17. Nxb5 Kd7 18. Nxd6 Nxd6 19. Ne5+ 1-0

[Event "Stuttgarter Stadtmeisterschaft B"]
[Site "Ditzingen"]
[Date "2015.05.15"]
[Round "3.26"]
[White "Muench, Werner"]
[Black "Giugno, Carmelo"]
[Result "1/2-1/2"]
[WhiteElo "1804"]
[BlackElo "1659"]
[PlyCount "99"]
[EventDate "2015.??.??"]
[WhiteTeam "SC Widdern"]
[BlackTeam "Stuttgarter SF 1879"]

1. d4 g6 2. c4 Nf6 3. Nc3 Bg7 4. e4 d6 5. Be2 O-O 6. Nf3 c5 7. d5 Qa5 8. O-O
Bg4 9. Nd2 Bxe2 10. Qxe2 Nbd7 11. Nf3 Rae8 12. Be3 Ng4 13. Rac1 e6 14. dxe6
fxe6 15. Rfd1 Nde5 16. Nxe5 Nxe3 17. Qxe3 Bxe5 18. Rc2 Bd4 19. Qg3 Be5 20. Qd3
Rf7 21. Ne2 Ref8 22. Rf1 Qd8 23. Rd2 Qh4 24. f4 Bxf4 25. Nxf4 Rxf4 26. Rxf4
Qxf4 27. g3 Qe5 28. Qxd6 Qxe4 29. Qd3 Qg4 30. Kg2 h6 31. h3 Qg5 32. Rf2 Rxf2+
33. Kxf2 Qf5+ 34. Ke3 Qxd3+ 35. Kxd3 Kf7 36. Ke4 Kf6 37. h4 h5 38. Kf4 a5 39.
a4 e5+ 40. Ke4 Ke6 41. b3 Kd6 42. Kf3 Ke6 43. g4 hxg4+ 44. Kxg4 e4 45. Kf4 e3
46. Kxe3 Kf5 47. Kf3 Ke6 48. Ke4 Kd6 49. Kf4 Ke6 50. Ke4 1/2-1/2

[Event "Stuttgarter Stadtmeisterschaft B"]
[Site "Ditzingen"]
[Date "2015.05.15"]
[Round "3.27"]
[White "Michna, Marcus"]
[Black "Christ, Marcel"]
[Result "1/2-1/2"]
[WhiteElo "1798"]
[BlackElo "1658"]
[PlyCount "102"]
[EventDate "2015.??.??"]
[WhiteTeam "TSF Ditzingen"]
[BlackTeam "SC Ingersheim"]

1. d4 Nf6 2. c4 g6 3. Nc3 d5 4. e3 Bg7 5. Nf3 c6 6. Be2 O-O 7. O-O Nbd7 8. Qc2
Re8 9. cxd5 cxd5 10. Nb5 Nb6 11. b3 Bf5 12. Bd3 Rc8 13. Qb1 Bxd3 14. Qxd3 a6
15. Nc3 Rc6 16. Ne5 Re6 17. Bd2 Ne4 18. Nf3 Nxd2 19. Qxd2 Rc6 20. Rac1 Qc7 21.
Ne2 f6 22. Rxc6 Qxc6 23. Rc1 Qd6 24. Qa5 e5 25. Qc5 Bf8 26. Qc7 Rb8 27. Qxd6
Bxd6 28. g3 e4 29. Nh4 Re8 30. Ng2 Kf7 31. a4 f5 32. h4 Re7 33. Ngf4 Bb4 34.
Nc3 Rc7 35. Na2 Rxc1+ 36. Nxc1 Bd6 37. Nce2 a5 38. Nc3 Bxf4 39. gxf4 Ke6 40.
Nb5 Nd7 41. Kf1 Nf6 42. Ke2 Ng4 43. f3 Nh2 44. fxe4 fxe4 45. Kf2 Nf3 46. Nc7+
Kd6 47. Ne8+ Kc6 48. Nf6 h5 49. Kg3 Nd2 50. f5 gxf5 51. Nxh5 Kd6 1/2-1/2

[Event "Stuttgarter Stadtmeisterschaft B"]
[Site "Ditzingen"]
[Date "2015.05.15"]
[Round "3.28"]
[White "Pocrnic, Josip"]
[Black "Awiszus, Thomas"]
[Result "1-0"]
[WhiteElo "1782"]
[BlackElo "1619"]
[PlyCount "45"]
[EventDate "2015.??.??"]
[WhiteTeam "SF Conweiler"]
[BlackTeam "SK Schmiden/Cannstatt"]

1. e4 e6 2. d4 d5 3. Nd2 c5 4. c3 Nf6 5. e5 Nfd7 6. Bd3 Nc6 7. Ne2 Qb6 8. Nf3
f6 9. exf6 Nxf6 10. O-O Bd6 11. a3 c4 12. Bc2 Qc7 13. h3 Bd7 14. Be3 O-O-O 15.
Qd2 e5 16. dxe5 Nxe5 17. Nxe5 Bxe5 18. Bf4 g5 19. Bxe5 Qxe5 20. Rfe1 g4 21. h4
Rhf8 22. g3 Nh5 23. Nf4 1-0

[Event "Stuttgarter Stadtmeisterschaft B"]
[Site "Ditzingen"]
[Date "2015.05.15"]
[Round "3.29"]
[White "Schreiber, Stephan"]
[Black "Dallinger, Moritz"]
[Result "1-0"]
[WhiteElo "1767"]
[BlackElo "1570"]
[PlyCount "53"]
[EventDate "2015.??.??"]
[WhiteTeam "SC Botnang"]
[BlackTeam "SV Stuttgart-Wolfbusch"]

1. d4 Nf6 2. Bf4 e6 3. e3 b6 4. Nf3 Bb7 5. h3 Be7 6. Bd3 Ne4 7. O-O f5 8. Nbd2
d6 9. c4 g5 10. Bxe4 fxe4 11. Nxg5 h5 12. Nxe6 Qd7 13. Ng7+ Kf7 14. Nxh5 Nc6
15. d5 Ne5 16. Bxe5 dxe5 17. Nxe4 Qf5 18. Nhg3 Qg6 19. Qf3+ Ke8 20. Qf5 Qh6 21.
Qxe5 Bc8 22. Nf5 Bxf5 23. Qxf5 Rf8 24. Qe6 Qg7 25. d6 cxd6 26. Nxd6+ Kd8 27.
Nf5 1-0

[Event "Stuttgarter Stadtmeisterschaft B"]
[Site "Ditzingen"]
[Date "2015.05.15"]
[Round "3.30"]
[White "Lang, Thomas"]
[Black "Jenner, Erik"]
[Result "0-1"]
[WhiteElo "1653"]
[BlackElo "1760"]
[PlyCount "98"]
[EventDate "2015.??.??"]
[WhiteTeam "SV Jedesheim"]
[BlackTeam "SV Schorndorf"]

1. e4 e6 2. d4 d5 3. Nd2 c5 4. dxc5 Bxc5 5. exd5 exd5 6. Ngf3 Qb6 7. Qe2+ Ne7
8. Qb5+ Nbc6 9. Qxb6 Bxb6 10. Bb5 Bf5 11. c3 O-O-O 12. Nb3 f6 13. O-O Bg4 14.
Nbd4 Nxd4 15. Nxd4 Nf5 16. Nxf5 Bxf5 17. Bf4 a6 18. Ba4 Ba7 19. Rfe1 b5 20. Bb3
Rd7 21. Re2 d4 22. cxd4 Bxd4 23. Rc1+ Kb7 24. Rd2 Rhd8 25. Be3 Bxe3 26. Rxd7+
Rxd7 27. fxe3 Rd2 28. Rd1 Rxb2 29. Bd5+ Kb6 30. e4 Bg6 31. Rc1 Rb4 32. Rc6+ Ka5
33. Re6 Bf7 34. Re7 Bxd5 35. exd5 Rd4 36. Rd7 Kb4 37. Rxg7 Rxd5 38. Rxh7 Ka3
39. Ra7 Rd6 40. h4 Kxa2 41. h5 f5 42. Kh2 b4 43. Rb7 b3 44. Kh3 b2 45. Kh4 b1=Q
46. Rxb1 Kxb1 47. Kg5 a5 48. Kxf5 a4 49. h6 Rxh6 0-1

[Event "Stuttgarter Stadtmeisterschaft B"]
[Site "Ditzingen"]
[Date "2015.05.15"]
[Round "3.31"]
[White "Strauss, Martin"]
[Black "Theuer, Tobias"]
[Result "1-0"]
[WhiteElo "1758"]
[BlackElo "1560"]
[PlyCount "41"]
[EventDate "2015.??.??"]
[WhiteTeam "SC Sillenbuch"]
[BlackTeam "SG Schwäbisch Gmünd 1872 e.V"]

1. e4 e5 2. Nf3 Nc6 3. Bb5 a6 4. Bxc6 dxc6 5. d4 Nf6 6. O-O exd4 7. Qxd4 Qxd4
8. Nxd4 Bc5 9. c3 O-O 10. f3 Bb6 11. Be3 Be6 12. Na3 Rfe8 13. Kf2 c5 14. Nxe6
Rxe6 15. Nc4 Ba7 16. a4 Nd7 17. Rfd1 Ne5 18. Nxe5 Rxe5 19. Rd7 b6 20. Rxc7 Ree8
21. Rd1 1-0

[Event "Stuttgarter Stadtmeisterschaft B"]
[Site "Ditzingen"]
[Date "2015.05.15"]
[Round "3.32"]
[White "Hartmann, Anatoli"]
[Black "Potthast, Christian"]
[Result "0-1"]
[WhiteElo "1630"]
[BlackElo "1751"]
[Annotator "Microsoft"]
[PlyCount "60"]
[EventDate "2015.??.??"]
[WhiteTeam "SK Sachsenheim"]
[BlackTeam "SF Kornwestheim"]

1. d4 c5 2. Nf3 e6 3. c3 Nf6 4. Bg5 Be7 5. e3 b6 6. Bd3 h6 7. Bh4 Ba6 8. c4 Nc6
9. O-O d5 10. Qa4 Bb7 11. cxd5 Nxd5 12. Bxe7 Ndxe7 13. Bb5 a6 14. Be2 b5 15.
Qc2 cxd4 16. Rd1 Rc8 17. Qd2 Qb6 18. exd4 O-O 19. Ne5 Rfd8 20. Qf4 Nf5 21. Nxc6
Bxc6 22. d5 Bxd5 23. Nc3 Bb7 24. Ne4 Rd4 25. Rxd4 Qxd4 26. Bf3 Qxb2 27. Rf1 Nd4
28. Nf6+ Kh8 29. Bh5 Ne2+ 30. Bxe2 Qxe2 {Zeitüberschreitung} 0-1

[Event "Stuttgarter Stadtmeisterschaft B"]
[Site "Ditzingen"]
[Date "2015.05.15"]
[Round "3.33"]
[White "Wachtel, Arthur"]
[Black "Gheng, Hannelore"]
[Result "1/2-1/2"]
[WhiteElo "1607"]
[BlackElo "1744"]
[PlyCount "35"]
[EventDate "2015.??.??"]
[WhiteTeam "SK Freising"]
[BlackTeam "SF Deizisau"]

1. e4 c5 2. Nf3 d6 3. Bb5+ Bd7 4. Bxd7+ Nxd7 5. O-O e6 6. Qe2 Be7 7. d4 cxd4 8.
Nxd4 Ngf6 9. c4 Rc8 10. b3 a6 11. Bb2 Rc5 12. Nc3 Rh5 13. Rad1 Qc7 14. Nf3 O-O
15. Rd2 Re8 16. Rfd1 Nb6 17. Qe3 d5 18. cxd5 1/2-1/2

[Event "Stuttgarter Stadtmeisterschaft B"]
[Site "Ditzingen"]
[Date "2015.05.15"]
[Round "3.34"]
[White "Hartmann, Christian"]
[Black "Haro, Niel"]
[Result "1/2-1/2"]
[WhiteElo "1744"]
[BlackElo "1531"]
[PlyCount "101"]
[EventDate "2015.??.??"]
[WhiteTeam "SC Tarrasch München"]
[BlackTeam "Stuttgarter SF"]

1. e4 Nc6 2. Nf3 d6 3. d4 e5 4. Be2 Nf6 5. Nc3 Bg4 6. Be3 a6 7. d5 Ne7 8. Nd2
Bd7 9. f3 Ng6 10. g3 h5 11. h4 Be7 12. Nf1 Qc8 13. Bf2 O-O 14. Ne3 b5 15. a3 c5
16. dxc6 Bxc6 17. Ncd5 Nxd5 18. Nxd5 Bxd5 19. exd5 Qd7 20. Bd3 f5 21. O-O Rae8
22. c4 e4 23. fxe4 fxe4 24. Bxe4 Ne5 25. cxb5 Ng4 26. Bd4 Bf6 27. Bg6 Bxd4+ 28.
Qxd4 Re3 29. Rxf8+ Kxf8 30. Qf4+ Kg8 31. Rf1 Qe7 32. Bf7+ Kh8 33. Be6 axb5 34.
Bxg4 hxg4 35. Qf8+ Qxf8 36. Rxf8+ Kh7 37. Kg2 Rb3 38. Rf2 Rd3 39. Rf4 Rxd5 40.
Rxg4 Rd2+ 41. Kf3 Rxb2 42. Rb4 Ra2 43. Rb3 Kg6 44. Ke4 Kf6 45. Rxb5 Rxa3 46.
Rg5 Ra4+ 47. Ke3 g6 48. g4 Ra3+ 49. Kf4 Rh3 50. h5 gxh5 51. Rxh5 1/2-1/2

[Event "Stuttgarter Stadtmeisterschaft B"]
[Site "Ditzingen"]
[Date "2015.05.15"]
[Round "3.35"]
[White "Boschmann, Werner"]
[Black "Günay, Nuri"]
[Result "1-0"]
[WhiteElo "1519"]
[BlackElo "1742"]
[PlyCount "103"]
[EventDate "2015.??.??"]
[WhiteTeam "SC Widdern"]
[BlackTeam "SK Sachsenheim"]

1. e4 e6 2. d4 d5 3. exd5 exd5 4. c4 c6 5. Nf3 Bf5 6. Qb3 Qc7 7. Nc3 dxc4 8.
Bxc4 b5 9. Be2 b4 10. Na4 Nf6 11. O-O Bd6 12. Qe3+ Qe7 13. Re1 Qxe3 14. Bxe3
O-O 15. Rac1 Be4 16. Nc5 Bxc5 17. dxc5 Nd5 18. Bd4 Nd7 19. Ne5 Nxe5 20. Bxe5
Rfe8 21. Bd6 a5 22. Bc4 Nf6 23. f3 Bd5 24. Kf2 Bxc4 25. Rxc4 Rxe1 26. Kxe1 Re8+
27. Kd2 Nd5 28. Re4 Nf6 29. Re7 Rxe7 30. Bxe7 Nd5 31. Bd6 f5 32. g3 Kf7 33. Kd3
Ke6 34. Bf8 g6 35. Bh6 Nf6 36. Kd4 Nd7 37. Bf4 Nf6 38. Bd2 Nd5 39. Bg5 a4 40.
Bd2 b3 41. axb3 axb3 42. Kc4 Nc7 43. Be3 Na6 44. Bf4 Kf6 45. Bd6 Ke6 46. h4 h5
47. f4 Kd7 48. Kxb3 Nc7 49. Bxc7 Kxc7 50. Kc4 Kd7 51. Kd4 Ke6 52. Kc4 1-0

[Event "Stuttgarter Stadtmeisterschaft B"]
[Site "Ditzingen"]
[Date "2015.05.15"]
[Round "3.36"]
[White "Sax, Leon"]
[Black "Zaytsev, Evgeny"]
[Result "1-0"]
[WhiteElo "1509"]
[BlackElo "1736"]
[PlyCount "124"]
[EventDate "2015.??.??"]
[WhiteTeam "SK Sachsenheim"]
[BlackTeam "Stuttgarter SF"]

1. e4 e5 2. Nf3 Nc6 3. Bc4 Be7 4. a3 Nf6 5. d3 O-O 6. b4 d6 7. h3 Be6 8. Nbd2
Nd7 9. Bb3 b5 10. c3 a5 11. Bb2 Nb6 12. d4 Bxb3 13. Qxb3 a4 14. Qd1 exd4 15.
cxd4 Bf6 16. Qc2 Na7 17. Nh2 c5 18. dxc5 dxc5 19. bxc5 Nd7 20. Bxf6 Qxf6 21.
O-O Rac8 22. Ng4 Qc6 23. Ne3 Nxc5 24. Rac1 Qe6 25. Qb2 Rfe8 26. f3 Qe5 27. Rfd1
g6 28. Nd5 Na6 29. Nf1 Rxc1 30. Rxc1 Rb8 31. Nfe3 b4 32. axb4 Nb5 33. Qa1 Qxa1
34. Rxa1 a3 35. Nc2 Ra8 36. Nxa3 Nac7 37. Nxc7 Nxc7 38. Nc2 Rb8 39. Kf2 Kg7 40.
Rb1 Kf6 41. Nd4 Nb5 42. Nxb5 Rxb5 43. Ke3 Ke6 44. Kd4 f5 45. Kc4 Re5 46. exf5+
Rxf5 47. b5 Kd6 48. Kb4 Kc7 49. Ka5 Kb7 50. Re1 Rf7 51. Re5 Rd7 52. b6 Rf7 53.
Rc5 Re7 54. f4 Rf7 55. g3 Rd7 56. g4 h6 57. f5 gxf5 58. gxf5 Rd3 59. Rc7+ Kb8
60. f6 Ra3+ 61. Kb4 Rxh3 62. f7 Rf3 1-0

[Event "Stuttgarter Stadtmeisterschaft B"]
[Site "Ditzingen"]
[Date "2015.05.15"]
[Round "3.37"]
[White "De Oliveira Vasconcelos, Marcel B"]
[Black "Gorb, Eugeniusz"]
[Result "0-1"]
[WhiteElo "1499"]
[BlackElo "1725"]
[PlyCount "49"]
[EventDate "2015.??.??"]
[WhiteTeam "SV Dicker Turm Esslingen"]
[BlackTeam "SK Sachsenheim"]

1. d4 d5 2. Nf3 e6 3. Bf4 c5 4. e3 Nc6 5. c3 Nf6 6. Bd3 c4 7. Bc2 Qb6 8. Qc1
Nh5 9. Be5 Nxe5 10. Nxe5 Bd6 11. Nf3 O-O 12. Nbd2 Qc7 13. O-O Nf6 14. Re1 Ng4
15. h3 Bh2+ 16. Kf1 f5 17. Ke2 Nf6 18. Rh1 Bd6 19. Qg1 f4 20. e4 e5 21. exd5
Re8 22. dxe5 Bxe5 23. Nxe5 Qxe5+ 24. Kd1 Bf5 25. Nxc4 0-1

[Event "Stuttgarter Stadtmeisterschaft B"]
[Site "Ditzingen"]
[Date "2015.05.15"]
[Round "3.38"]
[White "Fischer, Lothar"]
[Black "Jüttner, Maik"]
[Result "1-0"]
[WhiteElo "1717"]
[BlackElo "1483"]
[PlyCount "55"]
[EventDate "2015.??.??"]
[WhiteTeam "SV Reutlingen"]
[BlackTeam "SpVgg Rommelshausen"]

1. e4 e6 2. Nc3 d5 3. d3 Nf6 4. e5 Nfd7 5. f4 Be7 6. Qg4 O-O 7. Nf3 f5 8. Qh3
c5 9. d4 Nc6 10. Ne2 Nb4 11. Kd1 Qc7 12. a3 Nc6 13. g4 Nxd4 14. Nexd4 cxd4 15.
gxf5 Rxf5 16. Nxd4 Rf7 17. Be3 Nf8 18. Rg1 Bc5 19. Bd3 Bxd4 20. Bxd4 Rxf4 21.
c3 Qf7 22. Kd2 Rf2+ 23. Bxf2 Qxf2+ 24. Be2 Ng6 25. Rgf1 Qb6 26. Bd3 Qxb2+ 27.
Bc2 Nxe5 28. Qxh7# 1-0

[Event "Stuttgarter Stadtmeisterschaft B"]
[Site "Ditzingen"]
[Date "2015.05.15"]
[Round "3.39"]
[White "Goda, Frederic"]
[Black "Dendic, Amar"]
[Result "1/2-1/2"]
[WhiteElo "1705"]
[BlackElo "1449"]
[PlyCount "36"]
[EventDate "2015.??.??"]
[WhiteTeam "SC Weiße Dame Ulm"]
[BlackTeam "Stuttgarter SF 1879"]

1. d4 Nf6 2. Bf4 g6 3. e3 Bg7 4. c4 O-O 5. Be2 d6 6. Nf3 Nc6 7. Nc3 Nd7 8. O-O
e5 9. Bg3 Kh8 10. d5 Ne7 11. h3 f5 12. Ng5 Nc5 13. f4 h6 14. Nf3 e4 15. Nd4 a5
16. Qc2 Bd7 17. Rad1 Qe8 18. Ndb5 Qb8 1/2-1/2

[Event "Stuttgarter Stadtmeisterschaft B"]
[Site "Ditzingen"]
[Date "2015.05.15"]
[Round "3.40"]
[White "Krebs, Thomas"]
[Black "Helmich, Jörg"]
[Result "1/2-1/2"]
[WhiteElo "1455"]
[BlackElo "1704"]
[PlyCount "56"]
[EventDate "2015.??.??"]
[WhiteTeam "SK e4 Gerlingen"]
[BlackTeam "Regensb. Turnerschaft"]

1. d4 Nf6 2. Nf3 g6 3. e3 Bg7 4. Be2 d6 5. O-O O-O 6. Nbd2 c5 7. c4 Nbd7 8. Bd3
Nb6 9. Qc2 Bd7 10. Rb1 a5 11. d5 e6 12. e4 exd5 13. exd5 Re8 14. h3 a4 15. a3
Nc8 16. Re1 Rxe1+ 17. Nxe1 Ne7 18. Ndf3 Bf5 19. Bd2 Bxd3 20. Qxd3 Qd7 21. Bf4
Ne8 22. Bg3 Nf5 23. Bh2 Nd4 24. Nxd4 Bxd4 25. Nf3 Bg7 26. Qc2 Nf6 27. Re1 Re8
28. Rxe8+ Nxe8 1/2-1/2

[Event "Stuttgarter Stadtmeisterschaft B"]
[Site "Ditzingen"]
[Date "2015.05.15"]
[Round "3.42"]
[White "Meusel, Rolf"]
[Black "Jüttner, Mark"]
[Result "1-0"]
[WhiteElo "1884"]
[BlackElo "1472"]
[PlyCount "77"]
[EventDate "2015.??.??"]
[WhiteTeam "SK Handschuhsheim"]
[BlackTeam "SpVgg Rommelshausen"]

1. e4 c5 2. Nf3 d6 3. d4 cxd4 4. Nxd4 g6 5. Be2 Bg7 6. c3 Nf6 7. Bf3 O-O 8. O-O
Nbd7 9. g3 Ne5 10. Bg2 b6 11. f4 Ba6 12. fxe5 dxe5 13. Nb3 Bxf1 14. Qxd8 Raxd8
15. Kxf1 Rd1+ 16. Ke2 Rd6 17. Bg5 Rfd8 18. N1d2 Rc8 19. Bh3 e6 20. Rf1 Nd7 21.
Nf3 h6 22. Be7 Rdc6 23. Rd1 R6c7 24. Bd6 Rc6 25. Bf1 Rc4 26. Ke3 Ra4 27. Bb5
Rxa2 28. Bxd7 Rd8 29. Ba3 h5 30. h4 Bh6+ 31. Ke2 Kg7 32. Nxe5 f6 33. Nc6 Rg8
34. Bxe6 Re8 35. Nbd4 Kh7 36. Bxa2 Rxe4+ 37. Kf2 Be3+ 38. Kf3 f5 39. Bd5 1-0

[Event "Stuttgarter Stadtmeisterschaft B"]
[Site "Ditzingen"]
[Date "2015.05.15"]
[Round "3.43"]
[White "Blum, Michael"]
[Black "Pelezki, Jurij"]
[Result "0-1"]
[WhiteElo "1562"]
[BlackElo "1822"]
[PlyCount "88"]
[EventDate "2015.??.??"]
[WhiteTeam "SC Aidlingen"]
[BlackTeam "SV Fellbach"]

1. e4 c5 2. Nf3 Nc6 3. d4 cxd4 4. Nxd4 Nxd4 5. Qxd4 Qc7 6. Nc3 e5 7. Qd3 Nf6 8.
Be2 Bb4 9. Bd2 O-O 10. a3 Bxc3 11. Bxc3 d6 12. O-O-O Bg4 13. Bxg4 Nxg4 14. Qg3
Nf6 15. Rhe1 Rac8 16. h3 a5 17. Qd3 Rfd8 18. f4 Nh5 19. f5 Nf4 20. Qf3 b5 21.
g3 b4 22. gxf4 bxc3 23. bxc3 Qc5 24. Re3 Qxa3+ 25. Kd2 Qb2 26. fxe5 dxe5+ 27.
Ke1 Qxc2 28. Red3 Re8 29. R1d2 Qb1+ 30. Rd1 Qb6 31. Kf1 a4 32. Qe2 Qb3 33. Qd2
Qc4 34. Qe2 a3 35. Kf2 Rb8 36. Kf3 Rb2 37. Qe3 h6 38. f6 Re6 39. fxg7 Rf6+ 40.
Kg3 a2 41. Rd8+ Kxg7 42. R1d6 Qf1 43. Rxf6 Rg2+ 44. Kh4 Qxf6+ 0-1

[Event "Stuttgarter Stadtmeisterschaft B"]
[Site "Ditzingen"]
[Date "2015.05.15"]
[Round "3.44"]
[White "Lechler, Walter"]
[Black "Shahisavandi, Abdollah"]
[Result "0-1"]
[WhiteElo "1562"]
[BlackElo "1817"]
[PlyCount "60"]
[EventDate "2015.??.??"]
[WhiteTeam "SK Dinkelsbühl"]
[BlackTeam "Karlsruher SF 1853"]

1. e4 g6 2. d4 Bg7 3. Nf3 Nf6 4. Nc3 d6 5. Be2 O-O 6. O-O b6 7. h3 Bb7 8. Bd3
Nbd7 9. Be3 Rc8 10. d5 Nc5 11. Qe2 c6 12. dxc6 Bxc6 13. Nd2 Qc7 14. Bxc5 bxc5
15. Bc4 e6 16. Qd1 d5 17. exd5 exd5 18. Be2 Qb7 19. Bf3 Qxb2 20. Ne2 Ne4 21.
Rb1 Qe5 22. Nb3 Bb5 23. Bxe4 Qxe4 24. Ng3 Qa4 25. Re1 Rfd8 26. Qd2 a6 27. Qd3
Re8 28. Qd2 c4 29. Rxe8+ Rxe8 30. Nd4 c3 0-1

[Event "Stuttgarter Stadtmeisterschaft B"]
[Site "Ditzingen"]
[Date "2015.05.15"]
[Round "3.45"]
[White "Weisensel, Wolfgang"]
[Black "Trobonjaca, Milos"]
[Result "1/2-1/2"]
[WhiteElo "1685"]
[BlackElo "1633"]
[PlyCount "78"]
[EventDate "2015.??.??"]
[WhiteTeam "Stuttgarter SF"]
[BlackTeam "SF Oeffingen"]

1. g3 d5 2. Nf3 Nc6 3. d4 Bf5 4. a3 Nf6 5. Bg2 e6 6. Bg5 Be7 7. Bxf6 Bxf6 8. c3
Qe7 9. O-O O-O-O 10. h4 g5 11. hxg5 Bxg5 12. Nbd2 h5 13. Nxg5 Qxg5 14. Nf3 Qg7
15. Nh4 Ne7 16. e3 Bg4 17. Bf3 Bxf3 18. Qxf3 Rdg8 19. Kh2 Ng6 20. Rg1 f5 21.
Qg2 Qf6 22. Qh3 Ne7 23. f4 Qg7 24. a4 Qg4 25. Qxg4 hxg4 26. Kg2 Ng6 27. Nxg6
Rxg6 28. Rh1 Rgh6 29. Rxh6 Rxh6 30. Rh1 Rxh1 31. Kxh1 a5 32. b3 Kd7 33. Kg2 Kd6
34. Kf2 b6 35. Ke2 c5 36. Kd3 Kc6 37. c4 Kd6 38. Kc3 Kc6 39. Kd3 Kd6 1/2-1/2

[Event "Stuttgarter Stadtmeisterschaft B"]
[Site "Ditzingen"]
[Date "2015.05.15"]
[Round "3.47"]
[White "Schmitz, Harald"]
[Black "Funk, Christian"]
[Result "1/2-1/2"]
[WhiteElo "1701"]
[BlackElo "1450"]
[PlyCount "68"]
[EventDate "2015.??.??"]
[WhiteTeam "SC Aidlingen"]
[BlackTeam "Ssg Fils-Lauter e. V."]

1. e4 e5 2. f4 exf4 3. Nf3 Nc6 4. d4 Nf6 5. e5 Nd5 6. Bc4 Nce7 7. O-O d6 8. Nc3
Be6 9. Nxd5 Nxd5 10. Bxd5 Bxd5 11. Bxf4 Qd7 12. b3 O-O-O 13. c4 Be4 14. Qe2 Qf5
15. Nh4 Bd3 16. Qf2 Qh5 17. Rfd1 Be4 18. Re1 d5 19. Bg3 Bb4 20. Re3 Rhf8 21.
cxd5 f5 22. d6 cxd6 23. Rc1+ Kb8 24. exd6 g5 25. Nf3 Bxf3 26. Qxf3 Qxf3 27.
Rxf3 f4 28. Bf2 Rxd6 29. Rd3 h5 30. Rc4 Ba5 31. Rc5 Rc8 32. Rc4 Rcd8 33. g3 Bb6
34. gxf4 gxf4 1/2-1/2

[Event "Stuttgarter Stadtmeisterschaft B"]
[Site "Ditzingen"]
[Date "2015.05.15"]
[Round "3.48"]
[White "Schweizer, Timo"]
[Black "Uhlarz, Jörg"]
[Result "0-1"]
[WhiteElo "1524"]
[BlackElo "1690"]
[PlyCount "72"]
[EventDate "2015.??.??"]
[WhiteTeam "SV Nürtingen 1920"]
[BlackTeam "SC Mühlacker"]

1. d4 f5 2. c4 Nf6 3. Nc3 e6 4. Nf3 d5 5. e3 Be7 6. Be2 O-O 7. O-O c6 8. c5 Qe8
9. h3 Nbd7 10. b4 b5 11. a4 Ne4 12. Nxe4 fxe4 13. Ne1 Nf6 14. f4 Bd7 15. a5 a6
16. Bb2 Ra7 17. Bc3 Kh8 18. Nc2 g6 19. Be1 Rg8 20. Kh1 Qd8 21. g4 Be8 22. g5
Nd7 23. h4 h6 24. Rg1 Nf8 25. Rg2 hxg5 26. hxg5 Kg7 27. Rg4 Rh8+ 28. Kg2 Bd7
29. Bh4 e5 30. Bg3 Bxg4 31. Bxg4 exf4 32. Bxf4 Bxg5 33. Be5+ Bf6 34. Bxf6+ Qxf6
35. Qf1 Qh4 36. Qe2 Rf7 0-1

[Event "Stuttgarter Stadtmeisterschaft B"]
[Site "Ditzingen"]
[Date "2015.05.15"]
[Round "3.49"]
[White "Jünk, Stefan"]
[Black "Tsybulevsky, Juri"]
[Result "0-1"]
[WhiteElo "1460"]
[BlackElo "1676"]
[PlyCount "36"]
[EventDate "2015.??.??"]
[WhiteTeam "SC Leinzell"]
[BlackTeam "Stuttgarter SF"]

1. e4 e6 2. d4 c5 3. Nf3 Nc6 4. d5 Nce7 5. d6 Nc6 6. e5 g6 7. Be3 b6 8. Nc3 Bg7
9. Bf4 Bb7 10. Qd2 h5 11. Bd3 Nh6 12. h3 Nf5 13. O-O-O Nfd4 14. Nxd4 cxd4 15.
Ne4 Nxe5 16. Bg5 f6 17. Nxf6+ Bxf6 18. Bh6 Rxh6 0-1

[Event "Stuttgarter Stadtmeisterschaft B"]
[Site "Ditzingen"]
[Date "2015.05.15"]
[Round "3.50"]
[White "Froehlich, Franziska"]
[Black "Khamenya, Vitalia"]
[Result "1-0"]
[WhiteElo "1456"]
[BlackElo "1570"]
[PlyCount "75"]
[EventDate "2015.??.??"]
[WhiteTeam "SK Gerlingen"]
[BlackTeam "SK Gräfelfing"]

1. e4 c5 2. c3 e6 3. d4 cxd4 4. cxd4 Nf6 5. Nc3 Bb4 6. Bd3 Qc7 7. Nge2 a6 8.
O-O b5 9. h3 Bb7 10. Bf4 Qb6 11. Be3 Qd8 12. Rc1 Bxc3 13. Nxc3 b4 14. e5 bxc3
15. exf6 gxf6 16. bxc3 Rg8 17. f3 f5 18. Rb1 Bc6 19. Qe2 Qh4 20. Kh1 Rg3 21.
Bxf5 Kf8 22. Be4 Rg8 23. d5 exd5 24. Bxd5 Bxd5 25. Bc5+ Kg7 26. Qe5+ Qf6 27.
Qxd5 Nc6 28. Rb7 Qxc3 29. Rxd7 Qf6 30. Rd6 Ne7 31. Qe4 Qg5 32. Bd4+ Kf8 33.
Qxa8+ Nc8 34. Qxc8+ Ke7 35. Qd7+ Kf8 36. Qd8+ Qxd8 37. Rxd8+ Ke7 38. Rxg8 1-0